000 01451naa a22003497a 4500
001 BR8400595
003 BR-BrBNA
005 20240918175415.0
007 ta
008 230509b bl.||||| |||| 00| 0 por d
040 _aBR-BrBNA
_bpor
_cBiblioteca Nacional de Agricultura
041 _a(Pt)
072 _aF30
_b0334
_bG514
090 _aF30 BR8400595
100 1 _aGomes, J.E.S.
100 1 _aHilgert, E.R.
100 1 _aBarni, N.A.
100 1 _aGoncalves, J.C.
111 1 _a1. Reuniao Tecnica Anual de Culturas Energeticas do IPAGRO
_cPorto Alegre, RS (Brazil)
_d26 Apr 1983
245 1 _aAvaliacao de linhagens de colza (Brassica napus)[Rio Grande do Sul, Brasil]
246 1 _a[Evaluation of rapeseed lines (Brassica napus)[Rio Grande do Sul, Brazil]]
246 1 _a[Energetic crops (sunflower, rape, cassava, saccharine sorghum, sugar beetroot)]
_bExperimental results 1982/83
260 3 _aPorto Alegre, RS (Brasil):
_c1983.
500 _aCulturas energeticas (girassol, colza, mandioca, sorgo sacarino, beterraba acucareira) Porto Alegre, RS (Brasil): 1983. p. 77-80 (BR8400595-AM)F30
650 _aSELECAO GENETICA
650 _aLINHAGEM
650 _aCOLZA
650 _aRIO GRANDE DO SUL
773 0 _tCulturas energeticas (girassol, colza, mandioca, sorgo sacarino, beterraba acucareira)
_b
_wF30 BR8400595
_gPorto Alegre, RS (Brasil), 1983. p. 77-80
909 _a202404
_bLucia
_c55
_dLucia Elande
942 _cAM
_2AGRIS
999 _c316559
_d316559